NFL Coaching Staff 2025 - Statistics

General Stats
  • This quiz has been taken 252 times
  • The average score is 34 of 95
Answer Stats
Coach % Correct
Jim Harbaugh
92%
John Harbaugh
92%
Andy Reid
91%
Ben Johnson
88%
Mike Tomlin
87%
Sean Payton
83%
Kyle Shanahan
81%
Sean McVay
81%
Pete Carroll
80%
Dan Campbell
79%
Mike Vrabel
78%
Mike McDaniel
76%
Sean McDermott
75%
Brian Daboll
71%
Matt LaFleur
71%
Zac Taylor
71%
Arthur Smith
70%
Frank Smith
70%
Kevin O'Connell
70%
Dan Quinn
68%
Kevin Stefanski
68%
Nick Siriani
65%
Todd Bowles
61%
Brian Schottenheimer
60%
DeMeco Ryans
60%
Aaron Glenn
58%
Mike LaFleur
58%
Kellen Moore
56%
Liam Coen
55%
Mike MacDonald
55%
Raheem Morris
54%
Shane Steichen
54%
Jonathan Gannon
52%
Brian Callahan
48%
Dave Canales
42%
Robert Saleh
42%
Josh McDaniels
41%
Brian Flores
40%
Joe Brady
39%
Dennis Allen
38%
Kliff Kingsbury
38%
Steve Spagnuolo
38%
Vic Fangio
36%
Matt Eberflus
34%
Terrell Williams
31%
Matt Nagy
30%
Chip Kelly
25%
Klay Kubiak
24%
Klint Kubiak
24%
Vance Joseph
24%
Greg Roman
20%
Todd Monken
19%
Jesse Minter
18%
Lou Anarumo
18%
Mike Kafka
18%
Zak Robinson
18%
Brandon Staley
17%
Dennard Wilson
17%
Jim Schwartz
17%
Jeff Hafley
16%
Kevin Patullo
15%
Zach Orr
15%
Al Golden
14%
Chris Shula
14%
Steve Wilks
14%
Jeff Ulbrich
13%
John Morton
13%
Wes Phillips
13%
Bobby Babich
12%
Declan Doyle
12%
Drew Petzing
12%
Greg Nussmeier
12%
Kelvin Sheppard
12%
Joe Lombardi
11%
Shane Bowen
11%
Tommy Rees
11%
Klayton Adams
10%
Anthony Weaver
9%
Ejiro Evero
9%
Josh Grizzard
9%
Tanner Engstrand
9%
Teryl Austin
9%
Adam Stenavich
8%
Aden Durde
8%
Anthony Campanile
8%
Nick Caley
8%
Patrick Graham
8%
Grant Udinski
7%
Jim Bob Cooter
7%
Dan Pitcher
6%
Joe Whitt
6%
Nick Rallis
6%
Brad Idzik
5%
Matt Burke
5%
Nick Holz
5%
No matching quizzes found
Score Distribution
Percent of People with Each Score
Percentile by Number Answered
Your Score History
You have not taken this quiz